Responses for Show #6498 - Wednesday, December 12, 2012

Contestants

[<< previous game]

Saidi Chen, an attorney for a legal nonprofit from New York, New York

Alistair Bell, a computer chip designer from Berlin, Massachusetts

Rachel Shuman, a curriculum coordinator from Silver Spring, Maryland (whose 1-day cash winnings total $19,600)

[next game >>]

Jeopardy! Round responses

BREAD
EARLY U.S. CAPITALS
SLINGING ARROWS
"C" THE 4-LETTER WORDS
THAT DOCTOR IS UNREAL!
ARMY BRANCHES
    $200 16
Good Friday

Alistair
    $200 11
Annapolis

Rachel
    $200 21
Katniss Everdeen

Saidi
    $200 2
calf

Alistair
    $200 1
Doctor Zhivago

Saidi
    $200 26
Armor

Triple Stumper
    $400 17
Boston

Triple Stumper
    $400 12
(Saidi: What is Columbia?)

Princeton

Saidi
Triple Stumper
    $400 22
Game of Thrones

Saidi
    $400 3
a cask

Rachel
    $1,000 4
Dr Jekyll

Rachel
    $400 27
the Army Corps of Engineers

Rachel
    $600 18
challah

Rachel
    $600 13
Trenton

Alistair
    $600 23
Snow White and the Huntsman

Saidi
    $600 8
the cute one

Saidi
    $600 5
Doctor Dolittle

Rachel
    $600 28
the caduceus

Triple Stumper
    $800 19
gluten

Saidi
    $800 14
(Alistair: What is Independence Hall?)
(Rachel: What is Constitution Hall?)

Federal Hall

RachelAlistair
Triple Stumper
    $800 24
Brave

Rachel
    $800 9
chic

Saidi
    $800 6
Dr. Watson

Saidi
    $800 29
the Green Berets

Saidi
    $1000 20
ciabatta

Triple Stumper
    $1000 15
(Saidi: What is Pittsburgh?)

York & Lancaster

Saidi
Triple Stumper
    $1000 25
Walking Dead

Rachel
    $1000 10
a capo

Alistair
    $1000 7
Doctor Faustus

Rachel
    $1000 30
the Infantry

Triple Stumper

Scores at the first commercial break (after clue 15):

Rachel Alistair Saidi
$2,400 $1,000 $1,000

Scores at the end of the Jeopardy! Round:

Rachel Alistair Saidi
$5,200 $1,200 $3,800

Double Jeopardy! Round responses

COMMA SUTRA
ADVENTUROUS FOLKS
STARTS WITH A BODY PART
PHYSICS 101
POP MUSIC BEFORE & AFTER
(Alex: Each correct response coming up from the names of two recording artists.)
"G"EOGRAPHY
    $400 18
a semicolon

Saidi
    $400 23
Everest

Saidi
    $400 13
Armageddon

Alistair
    $400 1
(Alistair: What are peaks?)

a crest

AlistairSaidi
    $400 2
Janet Jackson Browne

Triple Stumper
    $400 4
the Strait of Gibraltar

Saidi
    $800 19
D flat

Alistair
    $800 24
Persia

Rachel
    $800 14
legumes

Alistair
    $800 9
thermodynamics

Alistair
    $800 3
Boy George Harrison

Triple Stumper
    $2,000 5
(Saidi: What is the...)

Gallipoli

Saidi
    $1200 20
butterfly

Triple Stumper
    $1200 25
the Bahamas

Triple Stumper
    $1200 15
(Saidi: Uh, what is...)

earth

AlistairSaidi
    $1200 10
(Max) Planck

Saidi
    $1200 6
Grosse Pointe

Alistair
    $1600 21
(Rachel: Uh, what is a noun?)
(Alistair: What is... a participle?)

a conjunction

RachelAlistairSaidi
    $2,000 26
(Alex: Less than a minute now to deal with the last four clues.)

(Vasco) da Gama

Rachel
    $1600 16
hippopotamus

Alistair
    $1600 11
Brownian motion

Alistair
    $1600 7
Gdansk

Alistair
    $2000 22
(Rachel: What is argyle?)

paisley

Rachel
Triple Stumper
    $2000 27
(Rachel: Who is Hudson?)
(Saidi: Who is Puget?)
(Alex: No. A couple of bad guesses there.)
...
[The end-of-round signal sounds.]

Vancouver

RachelSaidi
Triple Stumper
    $2000 17
lipids

Triple Stumper
    $2000 12
angular momentum

Alistair
    $2000 8
(Saidi: What is Gaul?)

Gascony

AlistairSaidi

Scores at the end of the Double Jeopardy! Round:

Rachel Alistair Saidi
$2,400 $13,200 $1,000
(lock game)

[wagering suggestions for these scores]

Final Jeopardy! Round responses

FASHION DESIGNERS
SaidiWho is Liz Claiborne?
$950
RachelWho is Donna Karan
$399
AlistairWho is Elizabeth Claiborne?
$0
Liz Claiborne

Final scores:

Rachel Alistair Saidi
$2,001 $13,200 $1,950
2nd place: $2,000 New champion: $13,200 3rd place: $1,000

Game dynamics:

Coryat scores:

Rachel Alistair Saidi
$1,400 $13,200 $3,000
11 R
(including 2 DDs),
4 W
15 R,
3 W
15 R,
6 W
(including 1 DD)

Combined Coryat: $17,600

[game clues] [game scores] [suggest correction]

Game tape date: 2012-09-04
The J! Archive is created by fans, for fans. Scraping, republication, monetization, and malicious use prohibited; this site may use cookies and collect identifying information. See terms. The Jeopardy! game show and all elements thereof, including but not limited to copyright and trademark thereto, are the property of Jeopardy Productions, Inc. and are protected under law. This website is not affiliated with, sponsored by, or operated by Jeopardy Productions, Inc. Join the discussion at JBoard.tv.